[Event "22nd OIBM 2018"]
[Site "Gmund am Tegernsee"]
[Date "2018.11.01"]
[Round "6"]
[White "Schleich, Theodor"]
[Black "Jahnz, Fabian"]
[Result "0-1"]
[WhiteElo "1992"]
[BlackElo "2244"]
[Annotator "ChessBase"]
[PlyCount "50"]
[EventDate "2018.10.27"]
[EventType "swiss"]
[EventCountry "GER"]
[SourceTitle "playchess.com"]
[Source "ChessBase"]
[SourceQuality "1"]
[TimeControl "40/5400+30:1800+30"]

1. d4 {[%emt 0:00:00]} d5 {[%emt 0:00:00]} 2. Bg5 {[%emt 0:00:00]} f6 {[%emt 0:00:55]} 3. Bd2 {[%emt 0:00:00]} Nc6 {[%emt 0:00:49]} 4. e3 {[%emt 0:00:00]} e5 {[%emt 0:01:07]} 5. Bb5 {[%emt 0:00:00]} Bd6 {[%emt 0:10:36]} 6. c4 {[%emt 0:00:10]} dxc4 {[%emt 0:05:56]} 7. Bxc4 {[%emt 0:02:52]} exd4 {[%emt 0:14:03]} 8. Bxg8 {[%emt 0:04:01]} dxe3 {[%emt 0:07:44]} 9. fxe3 {[%emt 0:00:06]} Rxg8 {[%emt 0:00:48]} 10. Qh5+ {[%emt 0:00:02]} Kf8 {[%emt 0:02:35]} 11. Qxh7 {[%emt 0:00:10]} Qe7 {[%emt 0:04:31]} 12. Nf3 {[%emt 0:01:05]} Ne5 {[%emt 0:06:57]} 13. O-O {[%emt 0:00:13]} Nxf3+ {[%emt 0:02:17]} 14. Rxf3 {[%emt 0:00:02]} Bg4 {[%emt 0:01:57]} 15. Rf1 {[%emt 0:01:16]} Kf7 {[%emt 0:06:59]} 16. Qc2 {[%emt 0:04:52]} Rh8 {[%emt 0:03:02]} 17. g3 {[%emt 0:00:05]} Qe5 {[%emt 0:05:28]} 18. Be1 {[%emt 0:04:23]} Rh5 {[%emt 0:03:58]} 19. Nc3 {[%emt 0:01:45]} Rah8 {[%emt 0:00:36]} 20. Ne4 {[%emt 0:00:49]} Bf5 {[%emt 0:08:06]} 21. Nxd6+ {[%emt 0:00:16]} cxd6 {[%emt 0:00:12]} 22. Qb3+ {[%emt 0:09:00]} Kg6 {[%emt 0:00:52]} 23. Rf2 {[%emt 0:01:07]} Be4 {[%emt 0:00:54]} 24. Rd2 {[%emt 0:00:42]} Rxh2 {[%emt 0:01:48]} 25. Rxh2 {[%emt 0:01:21]} Rxh2 {[%emt 0:00:05]} 0-1

[Event "22nd OIBM 2018"]
[Site "Gmund am Tegernsee"]
[Date "2018.11.01"]
[Round "6"]
[White "Poelt, Christoph"]
[Black "Bente, Bjoern"]
[Result "1/2-1/2"]
[WhiteElo "1987"]
[BlackElo "2228"]
[Annotator "NA"]
[PlyCount "54"]
[EventDate "2018.10.27"]
[EventType "swiss"]
[EventCountry "GER"]
[SourceTitle "playchess.com"]
[Source "ChessBase"]
[SourceQuality "1"]
[TimeControl "40/5400+30:1800+30"]

1. d4 {[%emt 0:00:00]} Nf6 {[%emt 0:00:00]} 2. c4 {[%emt 0:00:00]} e6 {[%emt 0:00:00]} 3. g3 {[%emt 0:00:00]} d5 {[%emt 0:00:00]} 4. Bg2 {[%emt 0:00:06]} Bb4+ {[%emt 0:00:00]} 5. Bd2 {[%emt 0:00:12]} Bd6 {[%emt 0:00:04]} 6. Nf3 {[%emt 0:00:34]} O-O {[%emt 0:00:14]} 7. O-O {[%emt 0:00:47]} c6 {[%emt 0:00:10]} 8. Qc2 {[%emt 0:01:07]} Ne4 {[%emt 0:00:13]} 9. Bf4 {[%emt 0:09:43]} Bxf4 {[%emt 0:00:08]} 10. gxf4 {[%emt 0:00:07]} Nd7 {[%emt 0:00:12]} 11. e3 {[%emt 0:01:50]} b6 {[%emt 0:02:02]} 12. cxd5 {[%emt 0:11:32]} cxd5 {[%emt 0:00:05]} 13. Nbd2 {[%emt 0:04:23]} Nxd2 {[%emt 0:02:00]} 14. Qxd2 {[%emt 0:01:49]} Qe7 {[%emt 0:03:58]} 15. Rfc1 {[%emt 0:02:34]} Nf6 {[%emt 0:00:59]} 16. Ne5 {[%emt 0:04:18]} Bb7 {[%emt 0:00:17]} 17. Qc2 {[%emt 0:06:15]} Rfc8 {[%emt 0:02:52]} 18. Qa4 {[%emt 0:03:42]} Rc7 {[%emt 0:01:41]} 19. Nd3 {[%emt 0:04:30]} a5 {[%emt 0:07:07]} 20. Rxc7 {[%emt 0:02:12]} Qxc7 {[%emt 0:00:04]} 21. Rc1 {[%emt 0:00:13]} Qd8 {[%emt 0:00:15]} 22. Qb3 {[%emt 0:06:37]} Rc8 {[%emt 0:03:47]} 23. Rxc8 {[%emt 0:02:28]} Bxc8 {[%emt 0:00:07]} 24. Qc2 {[%emt 0:01:27]} Bb7 {[%emt 0:01:44]} 25. Ne5 {[%emt 0:01:50]} Qc8 {[%emt 0:04:30]} 26. Qxc8+ {[%emt 0:02:00]} Bxc8 {[%emt 0:00:08]} 27. Kf1 {[%emt 0:02:49]} Ne8 {[%emt 0:05:16]} 1/2-1/2

[Event "22nd OIBM 2018"]
[Site "Gmund am Tegernsee"]
[Date "2018.11.01"]
[Round "6"]
[White "Wolf, Pablo"]
[Black "Stolte, Alexander"]
[Result "1/2-1/2"]
[WhiteElo "1983"]
[BlackElo "2218"]
[Annotator "TA"]
[PlyCount "109"]
[EventDate "2018.10.27"]
[EventType "swiss"]
[EventCountry "GER"]
[SourceTitle "playchess.com"]
[Source "ChessBase"]
[SourceQuality "1"]

{[%evp 17,109,-18,-12,-24,-14,-27,-34,-29,-43,-45,36,-51,-42,-41,-41,-43,-50,-180,-206,-549,-547,-520,-525,-839,-827,-983,-970,-945,-647,-642,-637,-676,-520,-460,-462,-462,-511,-511,-503,-487,-471,-492,-419,-341,0,-336,-343,-351,0,-344,0,-333,0,0,0,0,0,0,0,0,0,-220,-210,-292,-285,-285,-282,-266,-237,-2461,-2596,-2098,-1365,-6211,-5093,-29967,-29968,-29965,-29969,-29974,-29974,-29972,-29974,-29977,-29973,-4133,0,-29977,-29972,-29967,-4690,-1449,0,0]} 1. e4 e6 2. Qe2 Be7 3. Nf3 d5 4. d3 Nf6 5. g3 c5 6. Bg2 Nc6 7. c3 {C00: French: Unusual White 2nd moves} (7. e5 Nd7 8. c4 b5 9. cxd5 exd5 10. Nc3 Ndb8 11. O-O b4 12. Na4 Bg4 13. Be3 Nd7 14. h3 Be6 {1-0 (43) Adams,M (2712)-Vocaturo,D (2615) Batumi 2018}) 7... b6 8. O-O Ba6 9. e5 Nd7 {LiveBook: 4 Games} 10. Re1 g5 $146 ({Predecessor:} 10... Qc7 11. h4 h6 12. h5 O-O-O {1-0 (38) Straub,P (2068)-Bayer,C (2270) Germany 2001}) 11. c4 g4 12. Nh4 Bxh4 13. cxd5 Ncxe5 (13... Ndxe5 $15 14. dxc6 Bf6) 14. dxe6 (14. gxh4 $14 O-O 15. Bg5) 14... fxe6 $15 15. gxh4 {Bf4 is the strong threat.} Bxd3 16. Qe3 {Threatens to win with Qh6.} O-O $1 $36 {[%mdl 2048] Black has some pressure.} 17. Qg3 {[#]} (17. Nd2 $15) 17... Rf3 $1 $19 {[%cal Rf3g3][%mdl 512]} 18. Bxf3 $2 (18. Rxe5 {nothing else works.} Rxg3 19. Rg5+ Qxg5 20. Bxg5 Rxg2+ 21. Kxg2) 18... Nxf3+ 19. Kh1 Nxe1 20. Qe3 Qf6 21. Nd2 Nc2 22. Qxd3 Nxa1 23. Qxd7 Rd8 24. Qc7 Rxd2 25. Bxd2 Qf3+ 26. Kg1 {Threatening Qc8+.} Qd1+ 27. Kg2 Qxd2 28. Qb8+ Kf7 29. Qxa7+ Kf6 30. Qxh7 Qd1 $2 ({Black should try} 30... Qd5+ $19 31. Kg1 Qf5) 31. h5 $2 {[%mdl 8192]} (31. Qh6+ $11 Ke7 32. Qg7+ Kd6 33. Qf8+ Kc7 34. Qf7+ Qd7 35. Qf4+ Kc6 36. Qa4+ b5 37. Qa8+ Kc7 38. Qe4) 31... Qd5+ 32. Kg1 Qd1+ (32... Qxa2 33. h6 $11) 33. Kg2 Qd5+ 34. Kg1 Kg5 $2 (34... Qxa2 35. h6 $11) ({Black should play} 34... Qf5 $1 $19 {[%cal Rf5h7]} 35. Qh8+ Kg5) 35. Qb1 $11 Kxh5 36. Qxa1 {[%mdl 4096] Endgame KQ-KQ} Qd2 37. Qb1 Kg5 38. b3 Kf4 39. a3 $2 (39. Qf1 $11 {and White has nothing to worry.}) 39... e5 $1 $19 {[%cal Be6e5,Be5e4][%mdl 32]} 40. a4 e4 41. Qa1 {[%cal Ra1f6]} Kf3 42. Qf1 Qd3 $1 43. h4 $2 {[#]} (43. Qg2+ Kf4 44. h4) 43... gxh3 $1 44. Qxh3+ Ke2 45. Qg4+ Ke1 46. Qg6 Qf1+ 47. Kh2 Qxf2+ 48. Kh1 Kf1 {[%cal Rf2h4]} 49. Qg5 e3 50. a5 Qf3+ ({Stronger than} 50... e2 51. Qc1+ e1=R 52. Qc4+ Re2 53. Qc1+ Qe1 54. Qf4+ Qf2 55. Qc1+ Re1 56. Qc4+ Re2 57. Qc1+ $11) 51. Kh2 Qf2+ (51... bxa5 $19 52. Qg1+ Ke2) 52. Kh1 bxa5 ({And not} 52... e2 53. Qc1+ e1=Q 54. Qc4+ Qee2 55. Qc1+ Qfe1 56. Qf4+ Q1f2 57. Qc1+ Qfe1 58. Qf4+ Q1f2 59. Qc1+ $11) 53. b4 axb4 ({Inferior is} 53... e2 54. Qc1+ e1=Q 55. Qc4+ Qfe2 56. Qf4+ Q1f2 57. Qc1+ Qd1 58. Qxd1+ Qe1 59. Qf3+ Qf2 60. Qd1+ Qe1 61. Qf3+ Qf2 62. Qd1+ $11) (53... Qf3+ $142 54. Kh2 axb4 55. Qg1+ Ke2 56. Qg6 b3 57. Qa6+ Ke1 58. Qg6 b2 59. Qb1+ Qd1 60. Qxb2 Qd2+ 61. Qxd2+ exd2 62. Kh3 d1=Q 63. Kh4 Qd5 64. Kg4 Kf2 65. Kf4 c4 66. Kg4 Qe5 67. Kh4 Kf3 68. Kh3 Qh8#) 54. Qg4 {[#]} Qf8 $2 (54... Qc2 $1 $19 {[%cal Rc2h7] ( -> ...Qh7+)} 55. Qf3+ Ke1 56. Qxe3+ Qe2 57. Qg3+ Kd2 58. Qg5+ Qe3 59. Qg2+ Kc3) 55. Qf4+ $1 {Precision: White = 45%, Black = 55%.} 1/2-1/2

[Event "22nd OIBM 2018"]
[Site "Gmund am Tegernsee"]
[Date "2018.11.02"]
[Round "7"]
[White "Moiseenko, Alexander"]
[Black "Banusz, Tamas"]
[Result "1/2-1/2"]
[WhiteElo "2648"]
[BlackElo "2606"]
[Annotator "TA"]
[PlyCount "156"]
[EventDate "2018.10.27"]
[EventType "swiss"]
[EventCountry "GER"]
[SourceTitle "playchess.com"]
[Source "ChessBase"]
[SourceQuality "1"]

{[%evp 19,156,27,26,29,30,22,29,29,39,42,55,35,35,0,0,0,13,24,27,8,0,0,0,0,50,54,53,54,54,54,55,55,54,54,47,43,53,53,59,55,66,58,58,59,70,70,70,70,70,70,70,70,70,70,85,84,101,93,86,10,12,-121,-121,-134,-126,-136,-117,-138,-136,-158,-136,-146,-135,-154,-131,-131,-105,-154,-137,-216,-211,-254,-261,-227,-135,-139,-131,-131,-131,-131,-131,-131,-41,-41,-41,-41,-52,-59,-41,-41,-41,-68,-68,-35,0,-68,-41,-48,-14,-14,-14,-14,-14,-14,-14,-14,-14,-88,-7,-7,-7,-8,-8,-8,-7,-7,-7,-7,0,-8,-8,-14,-8,-8,-8,-8,-8,-8,-8]} 1. d4 d5 2. c4 c6 3. Nf3 Nf6 4. Qb3 dxc4 5. Qxc4 Bg4 6. Nc3 {D23: Queen's Gambit Accepted: 3 Nf3 Nf6 sidelines} Nbd7 7. Bf4 Bxf3 8. gxf3 Nb6 9. Qd3 Nfd5 10. Nxd5 Nxd5 {LiveBook: 5 Games} 11. Bd2 e6 12. e4 Nf6 13. O-O-O g6 {[#]} 14. Kb1 $146 Bg7 15. f4 Qc7 16. Be2 O-O-O 17. Bf3 Kb8 18. Be3 Bh6 19. d5 $36 {[%mdl 2048] White has some pressure.} Bxf4 {Threatens to win with ...exd5.} 20. d6 $1 {[%cal Rd6c7]} Bxd6 21. Qd4 $1 {[%csl LRa7,LRf6]} Be5 (21... Be7 $5 {[%cal Rd8d4]} 22. Qxa7+ Kc8 $11) 22. Qxa7+ Kc8 23. Rxd8+ $1 Rxd8 24. Bb6 Qb8 $1 {[%cal Rb8a7]} 25. Qxb8+ Bxb8 26. Bxd8 Kxd8 $14 {[%mdl 4096] Endgame KRB-KBN} 27. Rd1+ Nd7 28. h3 Be5 29. a4 Kc7 30. Kc2 Bd6 31. b3 Bc5 32. Be2 Bd6 33. Kc3 Nf6 34. Bf3 Bc5 35. Rd2 Nd7 36. b4 Ba7 37. a5 h5 38. h4 Kc8 39. b5 (39. Rc2 $16) 39... cxb5 $11 40. Kb4 (40. Rc2 $11) 40... Ne5 $17 41. Be2 Bxf2 {aiming for ...Be1.} 42. Rc2+ {[#]} Kb8 $1 43. Bxb5 Bxh4 44. Kc5 Be7+ 45. Kd4 {[#]} Bd6 $1 46. a6 bxa6 47. Bxa6 Ka7 48. Bb5 Kb7 49. Be8 (49. Be2 $17) 49... h4 $19 50. Ke3 g5 51. Kf2 {[#]} Bc5+ $1 {[%mdl 512]} 52. Kg2 $17 (52. Rxc5 Nd3+) 52... Be3 53. Kh3 Kb6 54. Rb2+ Kc7 55. Rb5 Kd8 (55... f6 $17 {Hoping for ...g4+.} 56. Rb2 Nd3) 56. Rxe5 $15 Kxe8 {KR-KB} 57. Kg4 Ke7 58. Rb5 Kd6 59. Rb3 Bf4 {...Ke5 is the strong threat.} 60. Rb5 Kc6 61. Ra5 Kd6 62. Rb5 f6 63. Ra5 Be5 64. Ra6+ Kc5 65. Rxe6 Kd4 66. Kf3 h3 {White must now prevent ...g4+!} 67. Rb6 h2 68. Rb1 (68. Rb4+ $1 $11 {keeps the balance.} Kd3 69. Rb1) 68... Kd3 ({Black should play} 68... Bd6 $17) 69. Rd1+ $11 {The position is equal.} Kc2 70. Rh1 Kd2 71. Rb1 Bf4 72. Rh1 Bd6 73. Ra1 Be5 74. Rb1 Bd4 75. Kg2 Kd3 76. Kxh2 Kxe4 77. Kg3 f5 78. Rb4 $1 Ke5 {Precision: White = 74%, Black = 51%.} 1/2-1/2

[Event "22nd OIBM 2018"]
[Site "Gmund am Tegernsee"]
[Date "2018.11.02"]
[Round "7"]
[White "Iturrizaga Bonelli, Eduardo"]
[Black "Santos Latasa, Jaime"]
[Result "1/2-1/2"]
[WhiteElo "2636"]
[BlackElo "2572"]
[Annotator "TA"]
[PlyCount "39"]
[EventDate "2018.10.27"]
[EventType "swiss"]
[EventCountry "GER"]
[SourceTitle "playchess.com"]
[Source "ChessBase"]
[SourceQuality "1"]

{[%evp 11,39,0,10,11,11,9,6,9,5,-4,14,-38,20,18,12,14,18,23,33,33,51,54,80,0,0,0,0,0,11,7]} 1. d4 Nf6 2. Nf3 d5 3. c4 e6 4. g3 Bb4+ 5. Bd2 Be7 6. Bg2 c6 {LiveBook: 1007 Partien} 7. Bc3 {E11: Damenindisch (Bogoljubow-Variante)} (7. O-O O-O 8. Qc2 b6 9. Rd1 Ba6 10. b3 Nbd7 11. Bf4 Rc8 12. Nc3 Nh5 13. Bc1 f5 14. e3 Bd6 15. a4 Nhf6 16. Ne2 c5 17. Nf4 Qe7 18. cxd5 cxd4 19. Qb2 dxe3 20. Nxe6 exf2+ 21. Qxf2 {0-1 (35) Sarana,A (2613)-Jakovenko,D (2748) Satka 2018}) 7... Ne4 8. O-O Nd7 9. Nfd2 Nxc3 10. Nxc3 $146 ({Vorgänger:} 10. bxc3 Nf6 11. cxd5 exd5 12. e4 dxe4 13. Nxe4 Nxe4 14. Bxe4 {0-1 (42) Wickramasinghe,D (1592)-Premanath,D (1771) Colombo 2018}) 10... O-O 11. e4 (11. Qc2 $11) 11... e5 ({Lieber} 11... dxe4 $15 12. Ndxe4 (12. Bxe4 f5 $11) 12... Nb6) 12. cxd5 $11 exd4 13. Ne2 cxd5 14. exd5 Nb6 15. Qb3 Bf6 16. Ne4 Re8 17. Rfe1 (17. Rad1 $16) 17... Bf5 {Die Stellung ist ausgeglichen.} 18. Nf4 Bxe4 19. Bxe4 Qd6 20. Nd3 {Precision: Weiß = 65%, Schwarz = 54%.} 1/2-1/2

[Event "22nd OIBM 2018"]
[Site "Gmund am Tegernsee"]
[Date "2018.11.02"]
[Round "7"]
[White "Firouzja, Alireza"]
[Black "Nisipeanu, Liviu-Dieter"]
[Result "1/2-1/2"]
[WhiteElo "2600"]
[BlackElo "2667"]
[Annotator "TA"]
[PlyCount "71"]
[EventDate "2018.10.27"]
[EventType "swiss"]
[EventCountry "GER"]
[SourceTitle "playchess.com"]
[Source "ChessBase"]
[SourceQuality "1"]

{[%evp 23,71,0,14,22,27,12,18,12,12,13,14,12,12,12,12,9,34,36,24,12,12,4,12,12,12,13,14,18,18,18,18,15,18,16,18,12,12,8,8,8,10,0,0,0,4,0,4,7,11,0]} 1. e4 e6 2. d4 d5 3. Nc3 Nf6 4. Bg5 dxe4 5. Nxe4 Nbd7 6. Nf3 h6 7. Nxf6+ Nxf6 8. Be3 Bd6 {C10: French with 3 Nc3: Unusual Black 3rd moves and 3...dxe4} 9. Bd3 O-O (9... b6 10. Qe2 Bb7 11. O-O-O Nd5 12. c4 Nxe3 13. fxe3 Qe7 14. e4 e5 15. c5 bxc5 16. dxe5 Bxe5 {1-0 (66) Aronian,L (2764)-Kramnik,V (2792) Paris 2018}) 10. Qe2 b6 11. O-O-O Bb7 12. Kb1 Nd5 {LiveBook: 4 Games} 13. Bd2 Qf6 14. Ne5 Nf4 15. Bxf4 Qxf4 16. g3 {[#]} Qf6 $146 17. Rhe1 {Strongly threatening Nd7.} Bxe5 18. dxe5 Qf3 19. Qf1 Qg2 20. Qxg2 Bxg2 21. Be2 Bc6 {The position is equal.} 22. Rd4 Rfd8 23. Red1 Rxd4 24. Rxd4 $11 {[%mdl 4096] Endgame KRB-KRB} Kf8 25. Kc1 Be8 26. Kd2 Ke7 27. Ke3 c5 28. Rd6 (28. Rd2 {keeps more tension.} Rd8 29. Rd3 Rxd3+ 30. cxd3 Bc6 31. d4) 28... Rd8 29. Rxd8 Kxd8 {KB-KB} 30. f4 Ke7 31. h4 f6 32. exf6+ Kxf6 33. g4 {[%cal Bg3g4,Bg4g5][%mdl 32]} Bg6 34. g5+ Ke7 35. Bd3 Bf5 36. Bxf5 {Precision: White = 72%, Black = 69%.} 1/2-1/2

[Event "22nd OIBM 2018"]
[Site "Gmund am Tegernsee"]
[Date "2018.11.02"]
[Round "7"]
[White "Papp, Gabor"]
[Black "Hovhannisyan, Robert"]
[Result "1/2-1/2"]
[WhiteElo "2591"]
[BlackElo "2621"]
[Annotator "TA"]
[PlyCount "41"]
[EventDate "2018.10.27"]
[EventType "swiss"]
[EventCountry "GER"]
[SourceTitle "playchess.com"]
[Source "ChessBase"]
[SourceQuality "1"]

{[%evp 20,21,8,0]} 1. e4 e5 2. Nf3 Nc6 3. d4 exd4 4. Nxd4 Nf6 5. Nc3 Bb4 6. Nxc6 bxc6 7. Bd3 d5 8. exd5 O-O 9. O-O cxd5 10. Bg5 c6 11. Qf3 ({But not} 11. Bxf6 Qxf6 12. Ne2 g6 $17) {Predecessor:} 11... Bd6 $146 12. h3 h6 13. Bf4 Rb8 14. b3 Rb4 15. Bxd6 Qxd6 16. Rfe1 c5 17. Rad1 Bb7 18. Qf5 Rd8 19. Qe5 Qxe5 20. Rxe5 Kf8 21. Ree1 {½-½ (58) Dubov,D (2703)-Alekseenko,K (2639) Sochi 2018} 1/2-1/2

[Event "22nd OIBM 2018"]
[Site "Gmund am Tegernsee"]
[Date "2018.11.02"]
[Round "7"]
[White "Gopal G.N."]
[Black "Kovalenko, Igor"]
[Result "0-1"]
[WhiteElo "2578"]
[BlackElo "2646"]
[Annotator "TA"]
[PlyCount "118"]
[EventDate "2018.10.27"]
[EventType "swiss"]
[EventCountry "GER"]
[SourceTitle "playchess.com"]
[Source "ChessBase"]
[SourceQuality "1"]

{[%evp 14,118,28,16,42,25,29,23,31,29,32,33,23,27,39,-3,-2,0,-8,-39,-25,-29,0,-114,-59,-70,-18,-27,0,13,13,0,8,0,0,0,0,-14,87,80,73,87,152,119,128,129,127,127,126,0,26,0,126,0,306,-114,-119,-100,0,0,0,-47,-39,-132,-139,-162,-161,-329,-230,-357,-350,-351,-352,-331,-351,-318,-199,-249,-123,-243,-241,-423,-459,-626,-616,-586,-537,-1464,-1491,-1271,-1255,-1036,-634,-614,-647,-647,-647,-635,-616,-549,-603,-589,-566,-677,-635,-702,-691]} 1. e4 c5 2. Nf3 e6 3. d4 cxd4 4. Nxd4 Nf6 5. Nc3 Nc6 6. g3 Bb4 7. Bg2 O-O 8. O-O {LiveBook: 9 Games. B45: Sicilian Four Knights} e5 (8... d6 9. h3 a6 10. Nde2 Bc5 11. g4 Qc7 12. a4 b6 13. g5 Nd7 14. Nf4 Nde5 15. Nd3 Bb7 16. Nxc5 dxc5 {½-½ (23) Baklan,V (2656)-Krasenkow,M (2631) Koge 2014}) 9. Nf5 {Threatens to win with Nd5.} d6 $146 ({Predecessor:} 9... d5 10. Bg5 d4 11. Nd5 Bxf5 12. Bxf6 gxf6 13. exf5 Be7 14. f4 Bd6 15. Qg4+ Kh8 {1-0 (25) Borrink,J (2050)-Kaphle,S (2102) playchess.com INT 2008}) 10. Nd5 {White has an edge.} Nxd5 11. Qxd5 Bc5 12. c3 a5 13. Be3 Be6 14. Qd2 g6 15. Nh4 a4 16. Kh1 Bxe3 17. Qxe3 Na5 18. Rad1 (18. Qh6 $11) 18... Ra6 (18... Bxa2 $17 19. Rfe1 Nc4) 19. Qh6 $15 Qf6 (19... Bc4 $15) 20. Nf5 $1 $11 d5 21. f4 Re8 $1 22. Ne3 dxe4 23. f5 $36 {[%mdl 2048] White has the initiative.} Bc4 $1 {[%cal Rc4f1]} 24. Rf2 gxf5 25. Qh3 f4 (25... Qb6 26. Re1 $14) (25... Qg5 $11 26. Nxc4 Nxc4 27. Rxf5 Qg7) 26. Bxe4 Qh6 27. Qg4+ {[%mdl 1024] White has strong compensation.} Kh8 ({Better is} 27... Qg7 28. Qd7 (28. gxf4 Qxg4 29. Nxg4 exf4 $14) 28... fxe3 29. Qxe8+ Qf8 30. Bxh7+ Kg7 31. Qxe5+ Kxh7) 28. Nf5 Qg6 29. Qh4 {Hoping for Rfd2.} Qf6 30. Qh5 $1 (30. gxf4 Qxh4 31. Nxh4 Rf6 $15) 30... Qg6 31. Qh4 ({White should play} 31. Qh3 $1 $16) 31... Qf6 $1 32. Qh5 ({White should try} 32. Qh3 $11 h6 33. gxf4) 32... Qg6 $16 33. Qh4 (33. Qh3 $1 $16) 33... Rf6 $2 {[%mdl 8192]} (33... Qf6 $1 $11 {and Black stays safe.}) 34. Qh3 $2 {[#]} ({White has to play} 34. gxf4 $18 Rxf5 35. Rd8 Rxd8 36. Qxd8+ Qg8 37. Qxg8+ (37. Qxa5 Rh5 $18) 37... Kxg8 38. Bxf5) 34... Be6 $1 $17 {[%cal Re6f5]} 35. g4 Rf8 (35... Bxa2 36. Rfd2 $14) (35... Nc4 $17 {...Ne3 is the strong threat.} 36. Qd3 Qg8) 36. Rfd2 Bxf5 37. Bxf5 Qh6 38. Qxh6 (38. Qg2 $1 $15 Rg8 39. Rd8) 38... Rxh6 39. Rd7 Rb6 40. R1d3 $2 (40. b3 axb3 41. axb3) 40... Kg7 41. R3d5 (41. Rd2 {might work better.}) 41... Nc4 $19 42. Bd3 Ne3 (42... Nxb2 $2 43. Bf1 $17) 43. Rxe5 Rxb2 44. h3 Nd1 ({Don't take} 44... Rxa2 45. Rg5+ Kh8 46. Rh5 $19) 45. Kg1 {[#]} f3 ({Resist} 45... Nxc3 46. a3) (45... a3 $1 $19 46. Rg5+ Kh8) 46. Bc4 (46. Bf1 $17 {was the only chance.} Nxc3 47. Re3 Nxa2 48. Rxf3) 46... Nxc3 47. Rg5+ $2 (47. Re3 b5 48. Rxc3 bxc4 49. Rxf3) 47... Kh8 {And now ...Re8 would win.Black is clearly winning.} 48. Rxf7 Rxf7 49. Bxf7 {[%csl Gf7][%cal Rg5g8][%mdl 4096] Endgame KRB-KRN} h6 ({Less strong is} 49... f2+ 50. Kg2 $17) 50. Rg8+ Kh7 51. Re8 Rg2+ 52. Kf1 Ne2 {( -> ...Ng3+)} 53. Bc4 {[%cal Rc4e2]} Ng3+ 54. Ke1 f2+ 55. Kd1 f1=Q+ 56. Bxf1 Nxf1 57. Re7+ Kg6 58. a3 Rb2 59. Ke1 Nh2 {Precision: White = 38%, Black = 43%.} 0-1

[Event "22nd OIBM 2018"]
[Site "Gmund am Tegernsee"]
[Date "2018.11.02"]
[Round "7"]
[White "Fier, Alexandr"]
[Black "Braun, Arik"]
[Result "1-0"]
[WhiteElo "2558"]
[BlackElo "2603"]
[Annotator "TA"]
[PlyCount "113"]
[EventDate "2018.10.27"]
[EventType "swiss"]
[EventCountry "GER"]
[SourceTitle "playchess.com"]
[Source "ChessBase"]
[SourceQuality "1"]

{[%evp 12,112,81,80,114,117,127,132,120,100,101,89,85,89,89,96,106,81,118,122,125,0,0,0,0,0,0,0,0,0,0,0,77,-160,0,0,0,-85,-12,-26,-59,-67,-28,-54,0,0,0,0,278,264,257,185,313,297,290,306,307,278,539,243,233,216,189,193,243,236,287,294,259,251,230,207,187,16,15,25,415,424,407,400,1156,1148,997,754,863,759,796,743,722,712,644,619,1120,1097,6140,6178,5373,5281,5281,5073,29979,29980,29999]} 1. e4 d6 2. d4 Nf6 3. Nc3 g6 4. Bg5 c6 5. Qd2 h6 6. Bh4 Bg7 7. f4 {LiveBook: 44 Games} d5 {B07: Pirc Defence: Miscellaneous Systems} (7... b5 8. e5 b4 9. exf6 bxc3 10. Qxc3 exf6 11. O-O-O O-O 12. Bd3 Qb6 13. f5 Na6 14. a3 Nc7 15. fxg6 {1-0 (32) Almasi,Z (2707)-Mamedyarov,S (2733) Beijing 2011}) 8. e5 $1 {[%cal Re5f6]} Ng8 9. Bd3 $146 ({Predecessor:} 9. Nf3 Qc7 10. Bd3 Bg4 11. O-O Bxf3 12. Rxf3 e6 13. Nd1 Nd7 14. Ne3 h5 15. Raf1 {1-0 (24) Saravana,K (2377)-Lakshmi Sandeep,N (1929) Hyderabad 2017}) 9... h5 {White is clearly better.} 10. Nge2 Nh6 11. Ng3 Qb6 12. a3 e6 13. Na4 Qc7 (13... Qxd4 $6 14. Nc3 $11) 14. O-O b6 15. b3 O-O 16. Bf6 (16. c4 $16) 16... Bxf6 $11 17. exf6 Ng4 $1 18. f5 exf5 19. Bxf5 Bxf5 20. Rxf5 Nd7 $36 {[%mdl 2048] Black is more active.} (20... b5 $6 21. Nc5 $16) 21. Raf1 Rae8 {[#]} (21... h4 $11 22. R1f4 Ndxf6 23. Rxf6 Nxf6 24. Rxh4 Nh7) 22. Qg5 $2 (22. Rxh5 $1 $16 {[%mdl 512] stays on course. And now Qg5 would win.} Ndxf6 (22... gxh5 23. Qg5+) 23. Rh4) 22... Qd6 $2 (22... Re6 $1 $17 23. R5f4 Ngxf6) 23. R5f4 $1 {Threatens to win with Nxh5.} Qe6 24. Kh1 (24. R4f3 $1 $11 {remains equal.} Ndxf6 25. Rxf6 Nxf6 26. Rxf6 Qe1+ 27. Rf1) 24... Ndxf6 ({Better is} 24... Qe3 $1 $17 {Strongly threatening ...Ngxf6.} 25. Qh4 (25. Nf5 $2 Nf2+ 26. Kg1 Nh3+ 27. Kh1 Nxg5 $19) 25... Ngxf6 26. Rxf6 Nxf6 27. Qxf6 Re6) 25. Rxf6 Nxf6 26. Rxf6 Qe1+ 27. Rf1 h4 (27... Qe3 $15 28. Qxe3 Rxe3) 28. Qxh4 Qd2 $1 {aiming for ...Re1.} 29. Nb2 c5 $2 {[%mdl 8192]} (29... Qxc2 $11 {and Black is okay.} 30. Nd1 Qc1) 30. Nd3 $1 $18 cxd4 31. Qxd4 Rc8 (31... Qxc2 {might work better.} 32. Ne5 (32. Qxd5 Rd8 $11) 32... Qc5 33. Qxc5 bxc5) 32. Qxd5 Rxc2 {intending ...Rc3.} 33. Qf3 $1 Qc3 34. Ne4 Qd4 $2 (34... Qxb3 35. Nf6+ Kg7) 35. Nf4 (35. Nf6+ Kg7 $18) (35. Nb4 $142 Rc7 36. Qf4) 35... Rc6 36. h4 Qe5 37. b4 Rc4 38. Ng5 Qf5 39. Kg1 $1 Rd8 40. Qg3 {Nh5! is the strong threat.} Rcd4 {If only Black now had time for ...Rd1....} 41. h5 Rd1 {Hoping for ...Qb1.} 42. Rxd1 $2 ({White should try} 42. hxg6 $1 $18 Rxf1+ 43. Kxf1 Rd1+ 44. Kf2 Qc2+ 45. Ne2 Qxg6 46. Qf4) 42... Rxd1+ $11 43. Kh2 gxh5 $2 {[%mdl 8192]} (43... Qb1 $1 $11 44. Qc3 Rh1+ 45. Kg3 Qe1+ 46. Qxe1 Rxe1) 44. Nxh5 $18 {White wants to mate with Qb8+.} Kf8 {[#]} 45. Nf6 $1 {[%mdl 512]} Kg7 (45... Qg6 $142 46. Qe5 Rd8) (45... Qxf6 46. Nh7+) 46. Nge4+ Qg6 47. Qe5 Rf1 48. Nd5+ Kh7 49. Nef6+ Kg7 50. Ne8+ Kh6 51. Nf4 f6 52. Nxf6 ({Weaker is} 52. Nxg6 fxe5 53. Nxe5 Ra1 $14) 52... Qg5 {[#]} 53. Ng4+ $1 {[%mdl 512]} Qxg4 {[#]} 54. Qh8+ $1 Kg5 55. Nh3+ Kg6 56. Qg8+ Kh5 57. Qh7# {Precision: White = 58%, Black = 38%.} 1-0